[Event "I Open Ciutat de Sueca 2015"]
[Site "Sueca ESP"]
[Date "2015.07.31"]
[Round "5.5"]
[White "Ferrer Berenguer, Ligorio"]
[Black "Suba, Mihai"]
[Result "0-1"]
[WhiteElo "2056"]
[BlackElo "2322"]
[PlyCount "90"]
[EventDate "2015.07.27"]
[EventType "swiss"]
[EventRounds "8"]
[EventCountry "ESP"]
[SourceTitle "Ajedrez en Madrid"]
[Source "lmi"]
[SourceDate "2015.05.27"]

1. e4 c5 2. Nc3 e6 3. g3 Nc6 4. Bg2 d6 5. Nge2 Nf6 6. d3 a6 7. a4 g6 8. O-O Bg7
9. d4 cxd4 10. Nxd4 O-O 11. Nde2 Qc7 12. h3 Rd8 13. Bg5 h6 14. Bf4 Rb8 15. Qd2
Kh7 16. Rad1 Ne8 17. Be3 b6 18. f4 Bb7 19. Nd4 Na5 20. Qd3 Nc4 21. Bc1 Rbc8 22.
b3 Ne5 23. Qe3 Qxc3 24. fxe5 dxe5 25. Qxc3 Rxc3 26. Ne2 Rxd1 27. Nxc3 Rxf1+ 28.
Kxf1 Bf8 29. Be3 Bc5 30. Bxc5 bxc5 31. Ke2 Nd6 32. Ke3 Kg7 33. a5 f5 34. Na4
Bxe4 35. Bf1 c4 36. bxc4 Nb7 37. Bd3 Bc6 38. Nc3 Nxa5 39. Na2 Bb7 40. Nb4 Nc6
41. c3 a5 42. Nc2 Kf6 43. Na3 e4 44. Be2 Ke5 45. Nb5 g5 0-1

[Event "I Open Ciutat de Sueca 2015"]
[Site "Sueca ESP"]
[Date "2015.07.31"]
[Round "5.6"]
[White "Uran Bermudez, Oliver Kevin"]
[Black "Gomez Sanjuan, Hector Fernando"]
[Result "1-0"]
[WhiteElo "2216"]
[BlackElo "2032"]
[PlyCount "71"]
[EventDate "2015.07.27"]
[EventType "swiss"]
[EventRounds "8"]
[EventCountry "ESP"]
[SourceTitle "Ajedrez en Madrid"]
[Source "lmi"]
[SourceDate "2015.05.27"]

1. e4 Nf6 2. Nc3 d5 3. e5 Ne4 4. Qf3 Nxc3 5. dxc3 e6 6. Be3 c5 7. h4 Nc6 8. Qg3
Qb6 9. O-O-O Qa5 10. Kb1 b5 11. Nf3 Ba6 12. Ng5 h6 13. Nxe6 fxe6 14. Qg6+ Kd7
15. Qf7+ Be7 16. g3 Raf8 17. Qg6 Kc7 18. Qxe6 Bc8 19. Qg6 b4 20. Bg2 bxc3 21.
Bxd5 Qb6 22. b3 Nb4 23. Qxg7 Nxd5 24. Rxd5 Qe6 25. Rd6 Qf7 26. Qxf7 Rxf7 27.
Rd3 h5 28. Rxc3 Kc6 29. Rd1 Bg4 30. Rd2 Rf3 31. Rc4 Rb8 32. Ra4 Rb7 33. Ra6+
Kc7 34. e6 Rf8 35. Bf4+ Kc8 36. Rc6+ 1-0

[Event "I Open Ciutat de Sueca 2015"]
[Site "Sueca ESP"]
[Date "2015.07.31"]
[Round "5.7"]
[White "Cebrian Flores, Juan Antonio"]
[Black "Galvan, Jesus"]
[Result "0-1"]
[WhiteElo "1991"]
[BlackElo "2216"]
[PlyCount "46"]
[EventDate "2015.07.27"]
[EventType "swiss"]
[EventRounds "8"]
[EventCountry "ESP"]
[SourceTitle "Ajedrez en Madrid"]
[Source "lmi"]
[SourceDate "2015.05.27"]

1. e4 d6 2. d4 Nf6 3. Nc3 c6 4. Bg5 e5 5. Nge2 Be7 6. Qd2 b5 7. a3 O-O 8. g3
Nbd7 9. f4 Nb6 10. b3 h6 11. Bxf6 Bxf6 12. Bg2 a6 13. O-O exd4 14. Nxd4 c5 15.
Nf3 b4 16. axb4 cxb4 17. Nd5 Bxa1 18. Rxa1 Nxd5 19. exd5 Qf6 20. Re1 Bf5 21.
Nd4 Rfe8 22. Rxe8+ Rxe8 23. Nc6 Qc3 0-1

[Event "I Open Ciutat de Sueca 2015"]
[Site "Sueca ESP"]
[Date "2015.07.31"]
[Round "5.8"]
[White "Alberola Mulet, Jairo"]
[Black "La Orden Gil, Javier"]
[Result "1-0"]
[WhiteElo "2185"]
[BlackElo "1967"]
[PlyCount "85"]
[EventDate "2015.07.27"]
[EventType "swiss"]
[EventRounds "8"]
[EventCountry "ESP"]
[SourceTitle "Ajedrez en Madrid"]
[Source "lmi"]
[SourceDate "2015.05.27"]

1. d4 Nf6 2. Nf3 g6 3. g3 Bg7 4. Bg2 O-O 5. O-O d6 6. a4 a5 7. c3 Nbd7 8. Nbd2
c6 9. e4 e5 10. dxe5 Nxe5 11. Nxe5 dxe5 12. Nc4 Qe7 13. b3 Rd8 14. Qe2 Be6 15.
Be3 Nd7 16. Rfb1 h5 17. h4 Kh7 18. Nb6 Ra6 19. Nxd7 Rxd7 20. b4 axb4 21. cxb4
Qd8 22. a5 Bf6 23. Bb6 Qe8 24. Bf1 Ra8 25. Qb2 Bg4 26. b5 Bd8 27. Bxd8 Rdxd8
28. bxc6 bxc6 29. a6 Rdb8 30. Qc3 Rxb1 31. Rxb1 Bc8 32. Ra1 Ra7 33. Qc5 Ra8 34.
Kg2 f6 35. Ra3 Kg7 36. Qb6 Qd7 37. Rd3 Qe8 38. Rd6 Be6 39. Rxc6 Kf7 40. Qb7+
Bd7 41. Rc7 Rd8 42. Bb5 Ke7 43. Rxd7+ 1-0

[Event "I Open Ciutat de Sueca 2015"]
[Site "Sueca ESP"]
[Date "2015.07.31"]
[Round "5.9"]
[White "Frasquet Solbes, Elias"]
[Black "Ramon Gualberto, Arturo"]
[Result "1/2-1/2"]
[WhiteElo "2171"]
[BlackElo "1968"]
[PlyCount "48"]
[EventDate "2015.07.27"]
[EventType "swiss"]
[EventRounds "8"]
[EventCountry "ESP"]
[SourceTitle "Ajedrez en Madrid"]
[Source "lmi"]
[SourceDate "2015.05.27"]

1. e4 c6 2. d3 d5 3. Nd2 e5 4. Ngf3 Bg4 5. h3 Bxf3 6. Nxf3 Nd7 7. Be2 Ngf6 8.
exd5 Nxd5 9. c3 Bc5 10. d4 exd4 11. Nxd4 O-O 12. O-O Qf6 13. Bf3 Bxd4 14. Qxd4
Qxd4 15. cxd4 N7f6 16. Bd2 Rad8 17. Rfd1 h6 18. Rac1 Rd7 19. g4 Re8 20. Re1
Rxe1+ 21. Rxe1 Re7 22. Rxe7 Nxe7 23. Bb4 Nfd5 24. Bd6 f6 1/2-1/2

[Event "I Open Ciutat de Sueca 2015"]
[Site "Sueca ESP"]
[Date "2015.07.31"]
[Round "5.10"]
[White "Crecente Penalba, Jose Manuel"]
[Black "Vicente Sanz, Andres"]
[Result "1-0"]
[WhiteElo "2153"]
[BlackElo "1929"]
[PlyCount "54"]
[EventDate "2015.07.27"]
[EventType "swiss"]
[EventRounds "8"]
[EventCountry "ESP"]
[SourceTitle "Ajedrez en Madrid"]
[Source "lmi"]
[SourceDate "2015.05.27"]

1. e4 e5 2. Nf3 Nc6 3. Bb5 Bc5 4. O-O Nf6 5. d3 h6 6. Bxc6 dxc6 7. Nxe5 Bd4 8.
Nf3 Bb6 9. Nbd2 O-O 10. h3 Be6 11. Re1 Qd7 12. Nf1 Rad8 13. Be3 c5 14. Ng3 Rfe8
15. Qe2 Qb5 16. a4 Qa6 17. a5 Bxa5 18. Bd2 b6 19. Bxa5 bxa5 20. b3 Nd7 21. Qd2
c4 22. Rxa5 Qb6 23. bxc4 Nb8 24. Qc3 c5 25. Rb5 Qc7 26. Reb1 Qf4 27. Nh5 Qc7
1-0

[Event "I Open Ciutat de Sueca 2015"]
[Site "Sueca ESP"]
[Date "2015.07.31"]
[Round "5.12"]
[White "Galvan Cipriani, Viviana"]
[Black "Ortega Gadea, Santiago"]
[Result "0-1"]
[WhiteElo "1698"]
[BlackElo "2044"]
[PlyCount "54"]
[EventDate "2015.07.27"]
[EventType "swiss"]
[EventRounds "8"]
[EventCountry "ESP"]
[SourceTitle "Ajedrez en Madrid"]
[Source "lmi"]
[SourceDate "2015.05.27"]

1. c4 e5 2. Nc3 Nf6 3. e4 g6 4. g3 Bg7 5. Bg2 O-O 6. Nge2 c6 7. O-O Na6 8. d3
Nc7 9. f4 exf4 10. Nxf4 d6 11. h3 Ne6 12. Nxe6 Bxe6 13. Qf3 Nd7 14. Be3 Ne5 15.
Qe2 Qd7 16. Kh2 Rae8 17. Bxa7 c5 18. Nd5 Bxd5 19. cxd5 Qa4 20. Bb6 Qa6 21. Bc7
Re7 22. Bxd6 Qxd6 23. Rac1 Nd7 24. Qd2 h5 25. Rc2 h4 26. Qf2 hxg3+ 27. Qxg3 Be5
0-1

[Event "I Open Ciutat de Sueca 2015"]
[Site "Sueca ESP"]
[Date "2015.07.31"]
[Round "5.13"]
[White "Hurtado Oldridge, Felipe"]
[Black "Rubio Tent, Pedro"]
[Result "1-0"]
[WhiteElo "2019"]
[BlackElo "1665"]
[PlyCount "54"]
[EventDate "2015.07.27"]
[EventType "swiss"]
[EventRounds "8"]
[EventCountry "ESP"]
[SourceTitle "Ajedrez en Madrid"]
[Source "lmi"]
[SourceDate "2015.05.27"]

1. d4 f5 2. Bg5 g6 3. c4 Bg7 4. Nc3 Nf6 5. e3 O-O 6. Bd3 d6 7. f4 c6 8. Nf3 Na6
9. Qd2 Qe8 10. O-O Nd7 11. e4 fxe4 12. Nxe4 Qf7 13. Rae1 Nf6 14. Ng3 Be6 15.
Qe2 Nc7 16. f5 gxf5 17. Bd2 h6 18. Bxf5 Bxc4 19. Bd3 Bxd3 20. Qxd3 Rae8 21. Nf5
Kh8 22. N3h4 Qxa2 23. Ng6+ Kg8 24. Ngxe7+ Kh8 25. Nh4 Rxe7 26. Ng6+ Kg8 27.
Nxe7+ Kh8 1-0

[Event "I Open Ciutat de Sueca 2015"]
[Site "Sueca ESP"]
[Date "2015.07.31"]
[Round "5.14"]
[White "Carbonell Sancho, Marc"]
[Black "Bordes Ibanez, Juan"]
[Result "1-0"]
[WhiteElo "1656"]
[BlackElo "1997"]
[PlyCount "110"]
[EventDate "2015.07.27"]
[EventType "swiss"]
[EventRounds "8"]
[EventCountry "ESP"]
[SourceTitle "Ajedrez en Madrid"]
[Source "lmi"]
[SourceDate "2015.05.27"]

1. e4 c5 2. Nf3 Nc6 3. d4 cxd4 4. Nxd4 Nf6 5. Nc3 d6 6. Bc4 e6 7. Bb3 Be7 8.
Be3 O-O 9. Rg1 Qa5 10. g4 Nxe4 11. Qd3 Nc5 12. Qd1 Bf6 13. Nxc6 bxc6 14. Bd2
Nxb3 15. axb3 Qe5+ 16. Qe2 Qxh2 17. O-O-O Qe5 18. Be3 Qa5 19. Na4 Ba6 20. Qf3
Qe5 21. Qxc6 Bb5 22. Qxd6 Rac8 23. Qxe5 Bxe5 24. f4 Bf6 25. g5 Be7 26. Nc3 Bc6
27. Rd3 f6 28. gxf6 Bxf6 29. Re1 Kf7 30. Bf2 Rc7 31. Rd6 Re8 32. Bxa7 h5 33.
Bd4 h4 34. Bxf6 Kxf6 35. Rd3 Rh8 36. Rh3 Bg2 37. Rh2 h3 38. Rg1 Kf5 39. Ne2 Ke4
40. Rgxg2 hxg2 41. Rxh8 Kf3 42. Ng1+ Kf2 43. Nh3+ Kf1 44. b4 Rf7 45. Rd8 g5 46.
Rd1+ Ke2 47. Rd2+ Kf1 48. Rd1+ Ke2 49. Rd2+ Kf1 50. Nxg5 Rxf4 51. Rxg2 Kxg2 52.
Nxe6 Rxb4 53. c3 Rb6 54. Nf4+ Kf2 55. Kc2 Ke3 1-0

[Event "I Open Ciutat de Sueca 2015"]
[Site "Sueca ESP"]
[Date "2015.07.31"]
[Round "5.16"]
[White "Folch Zaragoza, Jose"]
[Black "Martin Ayala, David"]
[Result "0-1"]
[WhiteElo "1856"]
[BlackElo "1956"]
[PlyCount "81"]
[EventDate "2015.07.27"]
[EventType "swiss"]
[EventRounds "8"]
[EventCountry "ESP"]
[SourceTitle "Ajedrez en Madrid"]
[Source "lmi"]
[SourceDate "2015.05.27"]

1. e4 d5 2. e5 Bf5 3. f4 e6 4. d4 c5 5. Nf3 Nc6 6. Bb5 Qb6 7. Bxc6+ bxc6 8. Nc3
Bg4 9. Ne2 Nh6 10. O-O cxd4 11. Nexd4 Nf5 12. c3 Bc5 13. Kh1 Bxd4 14. cxd4 Bxf3
15. Qxf3 Nxd4 16. Qg3 Nf5 17. Qa3 h5 18. Rf3 h4 19. Be3 Nxe3 20. Rxe3 Rb8 21.
Rb3 Qc7 22. Qc5 Kd7 23. Ra3 Rb6 24. Qd6+ Qxd6 25. exd6 Rb7 26. Kg1 Kxd6 27. Rc1
f6 28. b4 Rc8 29. Ra6 Rxb4 30. Rxa7 Rc7 31. Ra8 Rxf4 32. a4 d4 33. g3 hxg3 34.
hxg3 Rf3 35. Kg2 Ra3 36. Rc4 e5 37. a5 Ra2+ 38. Kf3 f5 39. a6 g5 40. g4 e4+ 41.
Kg3 0-1

[Event "I Open Ciutat de Sueca 2015"]
[Site "Sueca ESP"]
[Date "2015.07.31"]
[Round "5.17"]
[White "Garcia Sancho, Josep"]
[Black "Valdenebro Orihuel, Miguel"]
[Result "1-0"]
[WhiteElo "1855"]
[BlackElo "1951"]
[PlyCount "149"]
[EventDate "2015.07.27"]
[EventType "swiss"]
[EventRounds "8"]
[EventCountry "ESP"]
[SourceTitle "Ajedrez en Madrid"]
[Source "lmi"]
[SourceDate "2015.05.27"]

1. c4 c5 2. g3 Nf6 3. Bg2 d5 4. cxd5 Nxd5 5. Nf3 Nc6 6. Nc3 e6 7. O-O Be7 8.
Nxd5 exd5 9. d4 c4 10. b3 cxb3 11. Qxb3 O-O 12. Rd1 Na5 13. Qb5 a6 14. Qd3 Be6
15. Rb1 b5 16. a4 bxa4 17. Ba3 Nc4 18. Bxe7 Qxe7 19. Ne5 Rac8 20. Rdc1 Rc7 21.
Nxc4 dxc4 22. Qc2 Qa3 23. Ra1 Qb3 24. Rxa4 Qxc2 25. Rxc2 Rb8 26. h3 Rd7 27. e3
Rb3 28. Bf1 Rc7 29. Bg2 Rd3 30. Rb4 g6 31. d5 Bxd5 32. Bxd5 Rxd5 33. Rbxc4 Rxc4
34. Rxc4 Kg7 35. Rc7 Ra5 36. Kg2 Ra2 37. Ra7 Kf6 38. Kf3 a5 39. Ra6+ Ke5 40.
Ra7 Ke6 41. Ra6+ Ke5 42. Ra7 f6 43. Rxh7 a4 44. Ra7 a3 45. Ra4 Ke6 46. Ra6+ Ke5
47. g4 Ra1 48. Ra5+ Ke6 49. h4 a2 50. h5 gxh5 51. gxh5 Rh1 52. Rxa2 Rxh5 53.
Ra6+ Kf7 54. Ke4 Ke7 55. f4 Rb5 56. Ra7+ Kf8 57. Rd7 Ke8 58. Rd5 Rb6 59. Kf5
Ke7 60. Ra5 Kf7 61. Ra7+ Kf8 62. e4 Ke8 63. Kg6 Re6 64. f5 Rxe4 65. Kxf6 Rb4
66. Ra8+ Kd7 67. Kf7 Rf4 68. f6 Kd6 69. Ra1 Rf2 70. Rd1+ Ke5 71. Ke7 Ra2 72. f7
Ra7+ 73. Kf8 Kf6 74. Rf1+ Kg6 75. Kg8 1-0

[Event "I Open Ciutat de Sueca 2015"]
[Site "Sueca ESP"]
[Date "2015.07.31"]
[Round "5.18"]
[White "Sampedro Barrios, Pablo"]
[Black "Villanueva Claramonte, Ramon"]
[Result "1-0"]
[WhiteElo "1936"]
[BlackElo "1793"]
[PlyCount "53"]
[EventDate "2015.07.27"]
[EventType "swiss"]
[EventRounds "8"]
[EventCountry "ESP"]
[SourceTitle "Ajedrez en Madrid"]
[Source "lmi"]
[SourceDate "2015.05.27"]

1. e4 c6 2. c4 d5 3. exd5 cxd5 4. d4 Nf6 5. Nc3 e6 6. Nf3 Bb4 7. Bd2 Nc6 8. c5
O-O 9. a3 Bxc3 10. bxc3 b6 11. Bb5 Bd7 12. Bg5 Rc8 13. Ba6 Ra8 14. Bf4 Bc8 15.
Bb5 Bb7 16. Bd6 Ne4 17. Bxf8 Nxc3 18. Qd3 Nxb5 19. Bxg7 Kxg7 20. Qxb5 Rb8 21.
O-O bxc5 22. Qxc5 Rc8 23. Qb5 Rb8 24. Rab1 f6 25. Qc5 Qa5 26. Qd6 Kf7 27. Qd7+
1-0

[Event "I Open Ciutat de Sueca 2015"]
[Site "Sueca ESP"]
[Date "2015.07.31"]
[Round "5.19"]
[White "Castillo Pla, Emilio"]
[Black "Raro Gualda, Javier"]
[Result "1-0"]
[WhiteElo "1934"]
[BlackElo "1658"]
[PlyCount "73"]
[EventDate "2015.07.27"]
[EventType "swiss"]
[EventRounds "8"]
[EventCountry "ESP"]
[SourceTitle "Ajedrez en Madrid"]
[Source "lmi"]
[SourceDate "2015.05.27"]

1. e4 c5 2. c3 Nf6 3. e5 Nd5 4. d4 cxd4 5. cxd4 e6 6. Nf3 d6 7. a3 Nc6 8. Bd3
dxe5 9. Nxe5 Qc7 10. O-O Nxe5 11. dxe5 Qxe5 12. Bb5+ Bd7 13. Bxd7+ Kxd7 14.
Qa4+ Ke7 15. Nc3 Nxc3 16. bxc3 Qd6 17. Qh4+ f6 18. Re1 Kf7 19. Bf4 Qc6 20. Qh3
Rc8 21. Rad1 Be7 22. a4 Rhd8 23. Rb1 Rd5 24. c4 Rd7 25. c5 Rd5 26. Bd6 e5 27.
Qb3 Bxd6 28. cxd6 Qxd6 29. f4 Qb6+ 30. Qxb6 axb6 31. Rxb6 Ra8 32. Rxb7+ Kg6 33.
fxe5 fxe5 34. Rb5 Rxb5 35. axb5 Kf5 36. Rb1 Ke4 37. b6 1-0

[Event "I Open Ciutat de Sueca 2015"]
[Site "Sueca ESP"]
[Date "2015.07.31"]
[Round "5.21"]
[White "Sanmateu Juan, Sergio"]
[Black "Del Arco Gimeno, Juan"]
[Result "1/2-1/2"]
[WhiteElo "1629"]
[BlackElo "1894"]
[PlyCount "74"]
[EventDate "2015.07.27"]
[EventType "swiss"]
[EventRounds "8"]
[EventCountry "ESP"]
[SourceTitle "Ajedrez en Madrid"]
[Source "lmi"]
[SourceDate "2015.05.27"]

1. e4 d6 2. Nc3 c5 3. g3 g6 4. Bg2 Bg7 5. d3 a6 6. f4 e6 7. Nf3 Nc6 8. O-O Nd4
9. h3 Ne7 10. g4 Nxf3+ 11. Qxf3 Nc6 12. Ne2 O-O 13. f5 Nd4 14. Nxd4 Bxd4+ 15.
Kh1 exf5 16. exf5 Kg7 17. Qf4 Qf6 18. Qh6+ Kg8 19. g5 Qg7 20. Qxg7+ Kxg7 21.
f6+ Kg8 22. c3 Be5 23. Bf4 Bf5 24. Bxe5 dxe5 25. Rfe1 Rad8 26. Re3 b6 27. Rae1
Bxd3 28. Rxe5 Bf5 29. Kh2 Rd2 30. R1e2 Rd6 31. Bd5 h6 32. h4 hxg5 33. hxg5 Bd3
34. R2e3 Bb5 35. c4 Bc6 36. Bxc6 Rxc6 37. Rd5 b5 1/2-1/2

[Event "I Open Ciutat de Sueca 2015"]
[Site "Sueca ESP"]
[Date "2015.07.31"]
[Round "5.22"]
[White "Vila Tormo, Eduardo"]
[Black "Bono Monreal, Alberto"]
[Result "0-1"]
[WhiteElo "1622"]
[BlackElo "1891"]
[PlyCount "88"]
[EventDate "2015.07.27"]
[EventType "swiss"]
[EventRounds "8"]
[EventCountry "ESP"]
[SourceTitle "Ajedrez en Madrid"]
[Source "lmi"]
[SourceDate "2015.05.27"]

1. e4 e5 2. Nf3 Nc6 3. Bb5 a6 4. Ba4 Nf6 5. d3 d6 6. c3 g6 7. h3 Bg7 8. O-O b5
9. Bb3 Bb7 10. Re1 O-O 11. Nbd2 Na5 12. Bc2 c5 13. b4 Nc6 14. bxc5 dxc5 15. Nb3
Qb6 16. Be3 Nd7 17. Rb1 Rfd8 18. a4 Na5 19. Bd2 Nxb3 20. Bxb3 Qc7 21. Qc1 c4
22. dxc4 bxc4 23. Bxc4 Qxc4 24. Rxb7 Nc5 25. Rb4 Qe6 26. Qb1 Nd3 27. Ng5 Qf6
28. Be3 Nxe1 29. Qxe1 Rab8 30. Qb1 Rxb4 31. cxb4 h6 32. Nf3 Rd7 33. Nd2 Qd8 34.
b5 axb5 35. axb5 Rxd2 36. Bxd2 Qxd2 37. b6 Qd8 38. b7 Qb8 39. Qb6 Bf8 40. Qc6
Bd6 41. Qc8+ Kg7 42. Kf1 Qc7 43. Qa8 Qc1+ 44. Ke2 Qc2+ 0-1

[Event "I Open Ciutat de Sueca 2015"]
[Site "Sueca ESP"]
[Date "2015.07.31"]
[Round "5.23"]
[White "Gordillo Garcia, Ignacio"]
[Black "Oltra Landete, Fidel"]
[Result "1-0"]
[WhiteElo "1613"]
[BlackElo "1906"]
[PlyCount "89"]
[EventDate "2015.07.27"]
[EventType "swiss"]
[EventRounds "8"]
[EventCountry "ESP"]
[SourceTitle "Ajedrez en Madrid"]
[Source "lmi"]
[SourceDate "2015.05.27"]

1. d4 Nf6 2. c4 e6 3. Nc3 Bb4 4. Qc2 Nc6 5. Nf3 O-O 6. a3 Bxc3+ 7. Qxc3 Ne4 8.
Qc2 f5 9. g3 b6 10. Bg2 Bb7 11. O-O a5 12. d5 exd5 13. cxd5 Ne7 14. d6 Nxd6 15.
Bf4 Ne8 16. Rfd1 Rc8 17. Ne5 d5 18. Rac1 c5 19. Qb3 Nf6 20. Nc4 Nd7 21. Nd6 c4
22. Qe3 Nc5 23. Nxb7 Nxb7 24. Bxd5+ Nxd5 25. Qe6+ Kh8 26. Rxd5 Qf6 27. Qxf6
Rxf6 28. Rd7 Nc5 29. Rxc4 Nxd7 30. Rxc8+ Rf8 31. Rxf8+ Nxf8 32. Bc7 Nd7 33. Kg2
Kg8 34. h4 Kf7 35. Kf3 Ke6 36. Ke3 Nf6 37. Kd4 Nd5 38. Be5 g6 39. f3 Ne7 40.
Bc7 Nd5 41. Bd8 a4 42. e4 fxe4 43. fxe4 Nf6 44. Bxf6 Kxf6 45. Kd5 1-0

[Event "I Open Ciutat de Sueca 2015"]
[Site "Sueca ESP"]
[Date "2015.07.31"]
[Round "5.24"]
[White "Soler Nadal, Jose Antonio"]
[Black "Vigliaroli, Matteo Luigi"]
[Result "1-0"]
[WhiteElo "1806"]
[BlackElo "1637"]
[PlyCount "69"]
[EventDate "2015.07.27"]
[EventType "swiss"]
[EventRounds "8"]
[EventCountry "ESP"]
[SourceTitle "Ajedrez en Madrid"]
[Source "lmi"]
[SourceDate "2015.05.27"]

1. Nf3 Nf6 2. d4 g6 3. Bg5 Bg7 4. Nbd2 O-O 5. e4 d6 6. Bc4 c5 7. c3 cxd4 8.
Nxd4 Nc6 9. Nxc6 bxc6 10. Qc2 Bb7 11. O-O c5 12. f3 Nd7 13. Rad1 Ne5 14. Bd5
Bxd5 15. exd5 Qc7 16. Nb3 Rab8 17. Rfe1 a5 18. f4 a4 19. Nc1 Nc4 20. Nd3 Rfe8
21. Qxa4 Nb6 22. Qe4 e6 23. dxe6 Rxe6 24. Qf3 Rbe8 25. f5 Rxe1+ 26. Rxe1 Rxe1+
27. Nxe1 gxf5 28. Qxf5 c4 29. Qe4 d5 30. Qe8+ Bf8 31. Nf3 Qa7 32. Be3 Qd7 33.
Qe5 Qe6 34. Bd4 f6 35. Qxe6+ 1-0

[Event "I Open Ciutat de Sueca 2015"]
[Site "Sueca ESP"]
[Date "2015.07.31"]
[Round "5.25"]
[White "Albert Garrote, Amadeo"]
[Black "La Orden Garcia, Raquel"]
[Result "1-0"]
[WhiteElo "1788"]
[BlackElo "1540"]
[PlyCount "55"]
[EventDate "2015.07.27"]
[EventType "swiss"]
[EventRounds "8"]
[EventCountry "ESP"]
[SourceTitle "Ajedrez en Madrid"]
[Source "lmi"]
[SourceDate "2015.05.27"]

1. d4 d5 2. Nf3 Nf6 3. Bf4 g6 4. Nc3 c6 5. Qd2 h6 6. h3 Bg7 7. Ne5 g5 8. Bh2
Bf5 9. f3 Nbd7 10. e3 Nxe5 11. dxe5 Nd7 12. g4 Bh7 13. f4 e6 14. Bd3 Bxd3 15.
cxd3 gxf4 16. exf4 Qh4+ 17. Kd1 Qxh3 18. Kc2 Qh4 19. f5 exf5 20. gxf5 Qb4 21.
e6 fxe6 22. fxe6 Nb6 23. Qg2 Qe7 24. Qg6+ Kd8 25. Raf1 Rf8 26. Bg3 Bf6 27. Rxh6
Qg7 28. Rxf6 1-0

[Event "I Open Ciutat de Sueca 2015"]
[Site "Sueca ESP"]
[Date "2015.07.31"]
[Round "5.26"]
[White "Soler Llobell, Jordi"]
[Black "Linares Carrasquer, Jordi"]
[Result "1-0"]
[WhiteElo "1750"]
[BlackElo "1352"]
[PlyCount "89"]
[EventDate "2015.07.27"]
[EventType "swiss"]
[EventRounds "8"]
[EventCountry "ESP"]
[SourceTitle "Ajedrez en Madrid"]
[Source "lmi"]
[SourceDate "2015.05.27"]

1. e4 e6 2. d4 d5 3. e5 c5 4. Nf3 Nc6 5. Bd3 cxd4 6. c3 dxc3 7. Nxc3 Qb6 8. Qe2
Nge7 9. Bf4 Ng6 10. Bg3 Be7 11. O-O O-O 12. a3 Nd4 13. Nxd4 Qxd4 14. Rfd1 Qb6
15. Rd2 Bd7 16. Qg4 Qd8 17. Rad1 a6 18. Qh5 Rc8 19. f4 Re8 20. f5 exf5 21. Nxd5
Bc5+ 22. Kh1 Ra8 23. Bxf5 Nf8 24. Bxd7 Nxd7 25. Nf6+ gxf6 26. Rxd7 Qxd7 27.
Rxd7 Re7 28. e6 fxe6 29. Rxe7 Bxe7 30. Qf3 Rc8 31. h3 b5 32. Qb7 Rc1+ 33. Kh2
Bc5 34. Qc8+ Kg7 35. Qd7+ Kg6 36. Bd6 Bg1+ 37. Kg3 Re1 38. Bf4 e5 39. Bd2 Re4
40. Qe8+ Kg7 41. Bb4 Re3+ 42. Kg4 Re4+ 43. Kf5 Rf4+ 44. Ke6 Kh6 45. Bd2 1-0

[Event "I Open Ciutat de Sueca 2015"]
[Site "Sueca ESP"]
[Date "2015.07.31"]
[Round "5.27"]
[White "Dominguez Gandia, Jose Miguel"]
[Black "Agullo Valcarcel, Carlos"]
[Result "1-0"]
[WhiteElo "1521"]
[BlackElo "1719"]
[PlyCount "43"]
[EventDate "2015.07.27"]
[EventType "swiss"]
[EventRounds "8"]
[EventCountry "ESP"]
[SourceTitle "Ajedrez en Madrid"]
[Source "lmi"]
[SourceDate "2015.05.27"]

1. d4 Nf6 2. c4 e6 3. Bg5 h6 4. Bh4 b6 5. Nc3 Bb4 6. h3 Bb7 7. a3 Be7 8. e3 O-O
9. Nf3 Nh7 10. Bg3 f5 11. Bd3 Ng5 12. Be2 d6 13. O-O Nd7 14. b4 Bf6 15. Nxg5
Bxg5 16. f4 Bf6 17. Rc1 a6 18. Bf3 Qc8 19. Qd3 Bxf3 20. Rxf3 Qd8 21. Ne2 Bh4
22. Rd1 1-0

[Event "I Open Ciutat de Sueca 2015"]
[Site "Sueca ESP"]
[Date "2015.07.31"]
[Round "5.28"]
[White "Botella Brandt, Rafael"]
[Black "Castello Castello, Juan Jose"]
[Result "0-1"]
[WhiteElo "1838"]
[BlackElo "1672"]
[PlyCount "142"]
[EventDate "2015.07.27"]
[EventType "swiss"]
[EventRounds "8"]
[EventCountry "ESP"]
[SourceTitle "Ajedrez en Madrid"]
[Source "lmi"]
[SourceDate "2015.05.27"]

1. e4 e6 2. d4 d5 3. exd5 exd5 4. Nf3 Bd6 5. Be2 Ne7 6. O-O Nbc6 7. h3 h6 8. c4
dxc4 9. Bxc4 O-O 10. Nc3 a6 11. d5 Ne5 12. Bb3 N7g6 13. Bd2 Qf6 14. Ne1 Nf4 15.
Ne4 Qh4 16. Bxf4 Qxf4 17. Nxd6 cxd6 18. Nd3 Nxd3 19. Qxd3 Bf5 20. Qg3 Qxg3 21.
fxg3 Be4 22. g4 g5 23. Rf6 Rad8 24. Rxh6 Kg7 25. Rh5 f6 26. h4 Bg6 27. hxg5
Bxh5 28. gxf6+ Rxf6 29. gxh5 Rh8 30. g4 Rf4 31. Bd1 Re8 32. Bc2 Rxg4+ 33. Kh2
Re2+ 34. Kh3 Rg5 35. Bd3 Re3+ 36. Kh4 Rxd5 37. Rg1+ Kh8 38. Bg6 Ree5 39. Rg4
Rd2 40. Rf4 Rxb2 41. Rf8+ Kg7 42. Rf7+ Kg8 43. Rd7 d5 44. Kg4 Rb4+ 45. Kf3 Rb6
46. Kf4 Re2 47. Rxd5 Rxa2 48. Kg5 Rb5 49. Rxb5 axb5 50. Be4 Rb2 51. Bxb7 Rf2
52. Kg4 Kg7 53. Kg3 Rf8 54. Kg4 Kh6 55. Bd5 b4 56. Be6 Rb8 57. Bb3 Rb5 58. Kf4
Rxh5 59. Ke4 Rh4+ 60. Kd5 Kg5 61. Kc5 Kf5 62. Bc4 Ke5 63. Kxb4 Kd4 64. Kb5 Rh8
65. Be6 Rh6 66. Bd7 Kd5 67. Kb4 Rh4+ 68. Kb5 Rf4 69. Be8 Rf8 70. Bc6+ Kd6 71.
Be4 Rc8 0-1

[Event "I Open Ciutat de Sueca 2015"]
[Site "Sueca ESP"]
[Date "2015.07.31"]
[Round "5.29"]
[White "Porras Boronat, German"]
[Black "Riddoch, Alan"]
[Result "0-1"]
[WhiteElo "1402"]
[BlackElo "1650"]
[PlyCount "66"]
[EventDate "2015.07.27"]
[EventType "swiss"]
[EventRounds "8"]
[EventCountry "ESP"]
[SourceTitle "Ajedrez en Madrid"]
[Source "lmi"]
[SourceDate "2015.05.27"]

1. e4 c5 2. Nf3 Nc6 3. d4 cxd4 4. Nxd4 e5 5. Nb5 d6 6. N1c3 a6 7. Na3 b5 8. Nd5
Nf6 9. Bg5 Be7 10. Bxf6 Bxf6 11. c3 Bg5 12. Be2 O-O 13. O-O Bb7 14. Nc2 Ne7 15.
a4 Nxd5 16. exd5 bxa4 17. Nb4 a5 18. Nc6 Qb6 19. Qd3 f5 20. Qb5 Qc7 21. Rxa4
Ba6 22. Qxa5 Qxa5 23. Rxa5 Bxe2 24. Rfa1 Rxa5 25. Rxa5 e4 26. Nd4 Rb8 27. Nxe2
Rxb2 28. Ng3 f4 29. Nf1 e3 30. fxe3 fxe3 31. Ra1 e2 32. Ng3 Be3+ 33. Kh1 Bf2
0-1

[Event "I Open Ciutat de Sueca 2015"]
[Site "Sueca ESP"]
[Date "2015.07.31"]
[Round "5.30"]
[White "Montoliu Costa, Francisco"]
[Black "Gutierrez Posada, David"]
[Result "1-0"]
[WhiteElo "1611"]
[BlackElo "1391"]
[PlyCount "61"]
[EventDate "2015.07.27"]
[EventType "swiss"]
[EventRounds "8"]
[EventCountry "ESP"]
[SourceTitle "Ajedrez en Madrid"]
[Source "lmi"]
[SourceDate "2015.05.27"]

1. e4 e6 2. d4 d5 3. e5 c5 4. c3 Nc6 5. Nf3 Qb6 6. a3 c4 7. b4 f6 8. Bf4 fxe5
9. Nxe5 Nf6 10. g4 h6 11. Qc2 Nxe5 12. Bxe5 Nd7 13. Qg6+ Kd8 14. Bxg7 Bxg7 15.
Qxg7 Rf8 16. Qxh6 e5 17. Qxb6+ Nxb6 18. g5 exd4 19. cxd4 Bf5 20. Nc3 Kd7 21. h4
Rae8+ 22. Kd2 Bg4 23. Rh2 Bh5 24. Re1 Rxe1 25. Kxe1 Rf4 26. Ne2 Re4 27. Rh3 Na4
28. Kd2 Bxe2 29. Bxe2 Rxd4+ 30. Kc2 c3 31. Bb5+ 1-0